000 00541nam a2200169 a 4500
001 000028139
005 20200930031401.0
008 110407s19uu dr 000 0 spa d
040 _aDO-SdBNP
_bspa
_cBNPHU
082 _axxx
_bM385p
100 1 _aMartínez, Bienvenido Mariano
_955140
245 1 0 _aDe patria de amor y de lo nuestro /
_cBienvenido Mariano, Martínez.
260 _aSanto Domingo :
_b[s. n.],
_c[19--?].
300 _a[22 p.] ;
_c22 cm.
500 _aIncluye datos biográficos del autor en la contracubierta
049 _aBNPD
999 _c27631
_d27631